Fundamentals of obstetrics and gynecology / (Record no. 4603)

000 -LEADER
fixed length control field 00994nam a2200313 a 4500
001 - CONTROL NUMBER
control field 010699816
003 - CONTROL NUMBER IDENTIFIER
control field UkOxU
005 - DATE AND TIME OF LATEST TRANSACTION
control field 20220325075047.0
008 - FIXED-LENGTH DATA ELEMENTS--GENERAL INFORMATION
fixed length control field 930323s1992 enka 001 0 eng d
010 ## - LIBRARY OF CONGRESS CONTROL NUMBER
LC control number LC gb- 92046255
015 ## - NATIONAL BIBLIOGRAPHY NUMBER
National bibliography number GB92-46255
020 ## - INTERNATIONAL STANDARD BOOK NUMBER
International Standard Book Number 0683145266
035 ## - SYSTEM CONTROL NUMBER
System control number OCLC 27011162 from rmo126
040 ## - CATALOGING SOURCE
Original cataloging agency UKM
Transcribing agency ALUPE UNIVERSITY
Modifying agency EQO
050 ## - LIBRARY OF CONGRESS CALL NUMBER
Classification number RG101
Item number .F86 1992
082 ## - DEWEY DECIMAL CLASSIFICATION NUMBER
Classification number 618
Edition number 20
092 ## - LOCALLY ASSIGNED DEWEY CALL NUMBER (OCLC)
Classification number D0500830414
245 00 - TITLE STATEMENT
Title Fundamentals of obstetrics and gynecology /
Statement of responsibility, etc. Charles R.B. Beckmann ... [et al.].
260 ## - PUBLICATION, DISTRIBUTION, ETC.
Place of publication, distribution, etc. Baltimore ;
-- London :
Name of publisher, distributor, etc. Williams & Wilkins,
Date of publication, distribution, etc. c1992.
300 ## - PHYSICAL DESCRIPTION
Extent xiv, 472 p. :
Other physical details ill. ;
Dimensions 26 cm.
504 ## - BIBLIOGRAPHY, ETC. NOTE
Bibliography, etc. note Includes bibliographies and index.
650 #0 - SUBJECT ADDED ENTRY--TOPICAL TERM
Topical term or geographic name entry element Gynecology.
650 #0 - SUBJECT ADDED ENTRY--TOPICAL TERM
Topical term or geographic name entry element Obstetrics.
650 #0 - SUBJECT ADDED ENTRY--TOPICAL TERM
Topical term or geographic name entry element Obstetrics
Form subdivision Examinations, questions, etc.
650 #0 - SUBJECT ADDED ENTRY--TOPICAL TERM
Topical term or geographic name entry element Gynecology
Form subdivision Examinations, questions, etc.
700 1# - ADDED ENTRY--PERSONAL NAME
Personal name Beckmann, Charles R. B.
942 ## - ADDED ENTRY ELEMENTS (KOHA)
Source of classification or shelving scheme
Koha item type Book
Suppress in OPAC DO
Holdings
Withdrawn status Lost status Source of classification or shelving scheme Damaged status Not for loan Permanent Location Current Location Shelving location Date acquired Source of acquisition Total Checkouts Full call number Barcode Date last seen Price effective from Koha item type Public note
          AU LIBRARY AU LIBRARY Open Shelf 25.03.2022 DONATION FROM MOI UNIVERSITY   RG101 .F86 1992 28006562 25.03.2022 25.03.2022 Book DO

Powered by Koha